000 00371pab a2200157 454500
008 180718b2008 xxu||||| |||| 00| 0 eng d
100 _aBaru, Rama V. et al.
245 _aFull meal or package deal?
260 _c2008
300 _ap.20-22.
362 _a14 Jun
650 _aSchool meals
773 _aEconomic and Political Weekly
908 _aN
909 _a78585
999 _c78585
_d78585